000
00251nam a22001097a 4500
008
160518b xxu||||| |||| 00| 0 eng d
020
_a
0716702495
041
_a
eng
080
_a
930
245
_a
History of the earth;
_c
James Gilluly;
942
_2
udc
_c
BK
999
_c
2176
_d
2176